Religion Quiz

Random Religion or Blitz Quiz

15 Seconds: Deadly Sins Quiz Stats

 Plays Quiz not verified by Sporcle

Score 0/7 Timer 00:15
0 Plays Today
Sins % Correct
Lust
80.4%
Gluttony
79.4%
Greed
78.9%
Sloth
76.9%
Envy
73.5%
Wrath
71.8%
Pride
58.5%

You're not logged in!

Compare scores with friends on all Sporcle quizzes.
OR
Log In

Show Comments

Extras

Top Quizzes Today


Score Distribution

Your Account Isn't Verified!

In order to create a playlist on Sporcle, you need to verify the email address you used during registration. Go to your Sporcle Settings to finish the process.

Report this User

Report this user for behavior that violates our Community Guidelines.

Details: